BIBLIOTHÈQUE DE LA MAISON DU MEXIQUE

Logo 1 Logo 2

Introducción a la teoría de la historia de las ciencias (notice nᵒ 471)

détails MARC
000 -Sello discográfico
campo de control de longitud fija 01196nam a2200325 4500
005 - Identificación de versión
campo de control 20251016082233.0
010 ## - Número Estándar Internacional de Libros (ISBN)
Número (ISBN) 968-36-0836-1
035 ## - Otros números de control del sistema
Número de control del sistema 18617
099 ## - fechas locales
Tipo de ítem Koha LIBRO
100 ## - Datos de procesamiento general
Datos de procesamiento general 19950808d1989 m y1spay5003 ba
105 ## - Campo de datos codificados: Material textual, monográfico
Datos codificados de monografía y 001zy
200 1# - Título y mención de responsabilidad
Título propio Introducción a la teoría de la historia de las ciencias
Designación general del material texto impreso
Primer mención de responsabilidad Compilación, introducción, traducción y bibliografía de Juan José Saldaña
205 ## - Declaración de edición
Declaración de edición 2a ed
210 ## - Publicación, distribución, etc.
Lugar de publicación, distribución, etc. México
Nombre del editor, distribuidor, etc. Universidad Nacional Autónoma de México, Coordinación de Humanidades
Fecha de publicación, distribución, etc. 1989
215 ## - Descripción física
Designación de material específico y extensión del ítem 390 p
Dimensiones 22 cm
320 ## - Nota de índices/bibliografías internas
Texto de la nota Bibliografía: p. 305-390
327 0# - Nota de contenidos
Texto de la nota Las raíces socioeconómicas de la mecánica de Newton / Boris Hessen. Perspectivas de la historia y la historia de las ciencias / Alexandre Koyré ... y otros textos
345 ## - Nota de información de adquisición
Fuente de adquisición/dirección de la suscripción [OBSOLETO] Donación de la UNAM
606 ## - Término temático usado como materia
Elemento de entrada Conocimiento, Teoría del
Número Koha 1394
606 ## - Término temático usado como materia
Elemento de entrada Filosofía
Número Koha 1395
660 ## - Código de área geográfica
Código MX
702 ## - Nombre personal - Responsabilidad secundaria
Elemento de entrada Saldaña
Parte del nombre distinta del elemento de entrada Juan José
Número Koha 1396
801 #0 - Fuente de origen
Agencia cm
900 ## -
-- 1/11804
900 ## -
-- 71095713\\\080895
942 ## - ELEMENTOS DE ENTRADA SECUNDARIOS (KOHA)
Tipo de ítem Koha Livre
996 ## -
-- MEX
-- 751145101
-- MMAG
-- 003607
-- 509 S162I
-- 20191118LIV
Exemplaires
Estatus retirado Estado de daño Estado de pérdida Fecha de adquisición Biblioteca de origen Biblioteca actual Ubicación en estantería Código de barras Precio de reemplazo Signatura topográfica completa No para préstamo Tipo de ítem Koha Nota pública Nota no pública
      05/08/2025 Casa México Paris Casa México Paris   003607 05/08/2025 509 S162I   Livre 20191118LIV 751145101